Hong Kong Surveyor (Record no. 118710)

MARC details
000 -LEADER
fixed length control field 00579cas a22001935a 4500
001 - CONTROL NUMBER
control field L103326
008 - FIXED-LENGTH DATA ELEMENTS--GENERAL INFORMATION
fixed length control field 070705c1985 cc qr p 0 a0eng u
022 1# - INTERNATIONAL STANDARD SERIAL NUMBER
International Standard Serial Number 1812-3959
035 ## - SYSTEM CONTROL NUMBER
System control number (Sirsi) u103326
041 0# - LANGUAGE CODE
Language code of text/sound track or separate title eng
110 2# - MAIN ENTRY--CORPORATE NAME
Corporate name or jurisdiction name as entry element Hong Kong Institute of Surveyors
9 (RLIN) 3136
245 ## - TITLE STATEMENT
Title Hong Kong Surveyor
Remainder of title The Journal of the Hong Kong Institute of Surveyors
260 ## - PUBLICATION, DISTRIBUTION, ETC.
Place of publication, distribution, etc. Hong Kong
Name of publisher, distributor, etc. HKIS
Date of publication, distribution, etc. 1985-
362 ## - DATES OF PUBLICATION AND/OR SEQUENTIAL DESIGNATION
Dates of publication and/or sequential designation 1(1) May 1985-16(1) June 2005
554 ## -
-- Four per year
651 #4 - SUBJECT ADDED ENTRY--GEOGRAPHIC NAME
Geographic name Hong Kong
690 ## - LOCAL SUBJECT ADDED ENTRY--TOPICAL TERM (OCLC, RLIN)
Topical term or geographic name as entry element MANAGEMENT-BUSINESS MANAGEMENT-PROFESSIONAL PRACTICE
942 ## - ADDED ENTRY ELEMENTS (KOHA)
Suppress in OPAC 0
Holdings
Withdrawn status Lost status Source of classification or shelving scheme Damaged status Not for loan Home library Current library Shelving location Date acquired Total Checkouts Full call number Barcode Date last seen Copy number Price effective from Koha item type
    Dewey Decimal Classification     London London Basement 18/02/2005   HONG KONG SURVEYOR 103326-1001 06/08/2019 1 06/08/2019 Reference material